| 000 | 00491cam a2200193ua 4500 | ||
|---|---|---|---|
| 020 | _c75.00 | ||
| 041 |
_aeng _h |
||
| 082 |
_a628.11 _bFAI/WA |
||
| 100 | _aFair, Gordon maskew . | ||
| 245 |
_aWater supply and waste water disposal / _cGordon maskew Fair. _hTextual Documents |
||
| 250 |
_a1 / _b. |
||
| 260 |
_a : _bJohn Wiley & Sons , _c1963. |
||
| 300 | _a973 ; . | ||
| 365 | _a75.00 | ||
| 504 | _a | ||
| 700 | 1 | _aGeyer, John charles . | |
| 942 | _cBK | ||
| 999 |
_c1588 _d1588 |
||